| Tag |
First Indicator |
Second Indicator |
Subfields |
| LEADER |
00000cam a2200000 4500 |
| 001 |
in00000056446 |
| 005 |
20151007081949.0 |
| 008 |
720310c19641963 eng u |
| 010 |
|
|
|a 64013362
|
| 035 |
|
|
|a (OCoLC)00261105
|
| 035 |
|
|
|9 AAF7168AM
|
| 040 |
|
|
|c YNG
|d TXA
|d UtOrBLW
|
| 049 |
|
|
|a TXAM
|c [402394]
|
| 050 |
|
0 |
|a DK68.7.C5
|b F55
|
| 092 |
|
|
|a 327.47
|b F645m
|
| 100 |
1 |
|
|a Floyd, David.
|
| 245 |
1 |
0 |
|a Mao against Khrushchev ;
|b a short history of the Sino-Soviet conflict.
|
| 264 |
|
1 |
|a New York :
|b Praeger,
|c [1964]
|
| 264 |
|
4 |
|c [©1963]
|
| 300 |
|
|
|a viii,456 pages
|
| 336 |
|
|
|a text
|b txt
|2 rdacontent
|
| 337 |
|
|
|a unmediated
|b n
|2 rdamedia
|
| 338 |
|
|
|a volume
|b nc
|2 rdacarrier
|
| 490 |
1 |
|
|a Praeger publications in Russian history and world communism ;
|v no.142
|
| 504 |
|
|
|a Bibliography: pages [445]-447.
|
| 651 |
|
0 |
|a Soviet Union
|x Foreign relations
|z China.
|
| 651 |
|
0 |
|a China
|x Foreign relations
|z Soviet Union.
|
| 830 |
|
0 |
|a Praeger publications in Russian history and world communism ;
|v no.142.
|
| 999 |
|
|
|a MARS
|
| 999 |
f |
f |
|s f860c50f-8485-3551-b28d-9fe32af7cee0
|i 701dcc90-3531-3bc0-b175-8025846d8843
|t 0
|
| 952 |
f |
f |
|p ric
|a Texas A&M University
|b Rellis Campus
|c Joint Library Facility
|d Remote Storage
|t 0
|e DK68.7.C5 F55
|h Library of Congress classification
|i unmediated -- volume
|m A14800675640
|
| 998 |
f |
f |
|a DK68.7.C5 F55
|t 0
|l Remote Storage
|